| 000 | 01137nam a2200241 a 4500 | ||
|---|---|---|---|
| 005 | 20160209171034.0 | ||
| 008 | 090701s2007 ck a gr 000 0 spa d | ||
| 020 | _a9789584429100 | ||
| 040 |
_aCO-BoBLA _cCO-BoBLA _dCO-BoIAVH |
||
| 041 | 0 | _aspa | |
| 044 | _ack | ||
| 082 | 0 | 4 |
_a633.2 _bG24a |
| 100 | 1 | _aGarrido Rubiano, María Fernanda. | |
| 245 | 1 | 0 |
_aAislamiento e identificación de bacterias diazotróficas rizosféricas y endófitas asociadas a suelos y pastos de valle y sabana del Cesar en dos épocas climáticas / _cMaría Fernanda Garrido Rubiano. |
| 260 | 3 |
_aBogotá : _bUniversidad Militar Nueva Granada. Facultad de Ciencias. Maestría en Biología Aplicada, _c2007. |
|
| 300 |
_a95 páginas : _bilustraciones ; _c24 x 17 cm. |
||
| 502 | _aTesis (Maestría en biología aplicada) -- Universidad Militar Nueva Granada, 2007. | ||
| 504 | _aIncluye bibliografías. | ||
| 650 | 6 |
_aForraje _v Tesis y disertaciones académicas. |
|
| 650 | 6 |
_aBacterias _v Tesis y disertaciones académicas. |
|
| 650 | 6 |
_aFijación del nitrógeno _v Tesis y disertaciones académicas. |
|
| 942 |
_2ddc _cLIBRO |
||
| 999 |
_c7244 _d7244 |
||